00374nam a2200145Ia 450000500170000000800460001703700120006304000200007504100130009508400220010810000170013024500230014726000500017030000080022020250508151709.0008 250505s9999 xx 000 0 eng d aTextual aFEDLbengcFEDL aeng2eng a372.83, LITqFEDL aHall Dorothy 0aOur land of cities acolumbus USAbCharles E Merrill Booksc1954 a32p